Country Word Search Quiz Stats

 Plays Quiz Updated Sep 24, 2018

     
Support Sporcle.
Go Orange.
Score 0/30 Timer 05:00
26 Plays Today
Country % Correct
L P H T U U C K B E O E C A C A N A D A W E C Canada
70.3%
A B O E Y I O U T R M P E H W G R E E C E E M Greece
70%
Y H E I L K M O R O C C O U L A L F Y K O R L Morocco
69.1%
L A Y A E R B E G Y P T J O H N H A E I P T H Egypt
67.5%
F Y S P O G D O D G A E J P B P O L A N D K L Poland
64.7%
D B E L A R U S E T S L E A F R N C E T A K E Belarus
63.6%
G L B A N A S W E D E N G E F A C P F S X E A Sweden
62.8%
M L L M E L I I W M C Y P R U S H H E A B R E Cyprus
61.1%
C K W E K P A B L O I T A K O S O V O E E X M Kosovo
56.3%
E H D A B N A T S H K A Z A K P U A G O A W N Kazakhstan
55.1%
H C A B E I C S K B A C A B O V E R D E L Y A Cabo Verde
52.4%
R B I G E I K D M Y A N M A R I C V D E A P K Myanmar
50.8%
O D N K R A M N E D G U B M O J M Y E R H T L Denmark
50.2%
C H A I V S A H E F E J Y R A G N U H R P F Y Hungary
49.1%
M S E A G D Y P O D N A L A E Z W E N C I P D New Zealand
49%
Country % Correct
O N A P A J T L H T P E D Y I D R E U H A R TJapan
48%
V Z P E L C R O P S L A N A H G A X I S Y P E Ghana
47.1%
L I L A G U T R O P J B L O J I Y R I D T K A Portugal
46.8%
A H E H K H R N A T E O K A Z S A R U D N O HHonduras
45.7%
I H D O E J D E K N O H N W T E Y L I O G O T Togo
44.1%
E T E A U N A B U C N K R B T U E R H A U E A Cuba
42.5%
D E Y P O U A G C Y A W L N A D U S E A R C H Sudan
39.9%
A T I E P U A K V B I Y E K R U T E J T R U L Turkey
38.9%
L L K F I A T C K I E S O A L U R A V L D D U Laos
38.6%
L I V H O K E T O N G A P N W B O E A M C I W Tonga
37.9%
N A T U H B Y U O W P D I M E F V D A E D R A Bhutan
37.7%
L A L A M E T A U G O T Y I T I C N B Y O G C Guatemala
34.1%
E P Y A W R O N A H E L H M E U C R A B O Q I Norway
33.3%
N A U R U V R S P Y A I S B E D U N I L T G Nauru
32%
E H C A U J I N I C T A R R O D N A H R I P D Andorra
28.1%

From the Vault

Major Events in 'Zero' Years

by El_Dandy

History 6m
There's something refreshing about the turn of a decade.
Remove Ads.
Support Sporcle.
Get the best of Sporcle when you Go Orange. This ad-free experience offers more features, more stats, and more fun while also helping to support Sporcle. Thank you for becoming a member.

Show Comments

Extras

Top Quizzes Today


Score Distribution

Your Account Isn't Verified!

In order to create a playlist on Sporcle, you need to verify the email address you used during registration. Go to your Sporcle Settings to finish the process.

Report this User

Report this user for behavior that violates our Community Guidelines.

Details: